000 00427nam a22001577a 4500
005 20231116074758.0
008 231116b |||||||| |||| 00| 0 eng d
041 _aEnglish
082 _a344.1 LAB
100 _lEnglish
245 _aLabour Act and Rules of the Labour Court of Namibia
260 _c2007
300 _b223 pages ;
_c33 cm.
650 _aLegal practice
_bLaw
942 _cBK
_6ALISON_BN_VRIES
999 _c709
_d709